000 00752nam a2200241Ia 4500
005 20260430150325.0
008 008 250103s9999 xx 000 0 eng d
037 _aTheses
040 _aCRL
040 _beng
040 _ceng
041 _2eng
041 _aeng
084 _qCRL
100 _aBhimrajka Sanchi Au.; Kapoor Sanjay Gu.
_91237145
245 0 _aUnderstanding Transcriptional and Post-Transcriptional Regulatory Mechanisms Affecting Reproductive Development in Rice and their Applications
260 _c2023
300 _a186
650 _aPlants
700 _aUniversity of Delhi. Faculty of Inter- Disciplinary & Applied Science. Deptt. of Plant Moleculer Biology
_91237146
942 _cTH
999 _c1849511
_d1849511